000
00302nam a2200133Ia 4500
100
_a
Carlson/A.Bruce
942
_c
BK
654
_a
communication systems
245
_a
Communication Systems
260
_b
McGraw Hill
_a
New York
_c
1986
082
_a
621.38043
_b
CAR
300
_a
686
546
_a
ENGLISH
999
_c
33619
_d
33619